| 000 | 008770000a22002530004500 | ||
|---|---|---|---|
| 001 | 52096 | ||
| 010 | _a978-972-650-688-1 | ||
| 100 | _a20141103d2014 k y0pory5003 ba | ||
| 101 | 0 | _apor | |
| 102 | _aPT | ||
| 200 | 1 |
_aOs miúdos da mata da Ucha _fMaria Natália Miranda _gil .Plátano editora |
|
| 205 | _a6.ª ed | ||
| 210 |
_aLisboa _cPlátano _d2009 |
||
| 215 |
_a45 p. _cil. |
||
| 606 |
_92188 _aLiteratura portuguesa -- Literatura juvenil _xconto -- [Publicações juvenis] |
||
| 675 |
_a821.134.3-34 _vBN _zpor |
||
| 675 |
_a087.5-053.5 _vBN _zpor |
||
| 700 | 1 |
_932037 _aMiranda _bMaria Natália _f1925- |
|
| 712 | 0 | 2 |
_94873 _4440 _aPlátano editora |
| 801 |
_aPT _c20141103 |
||
| 090 | _a52096 | ||
| 942 |
_cMON _n0 |
||
| 999 | _a52096 | ||